Obálka
Pro půjčování e-knih musíte být přihlášeni.
Jak si půjčit online?

Jak dostat tatínka do karantény /

Sportovní komentátor Vojtěch Bernatský popisuje humorné příhody své rodiny během nelehké covidové doby.

Uloženo v:
Hlavní autor: Bernatský, Vojtěch, 1975- (Autor, Vypravěč-komentátor)
Další autoři: Šebestík, Martin (Autor)
Médium: E-audiokniha
Jazyk:Czech
Vydáno: Praha : Voxi, [2021]
Témata:
Tagy:
Žádné tagy
LEADER 05329nim a2201405 i 4500
001 313102
003 CZ PrSKC
005 20260601215735.0
007 sd fungnnmmned
008 211118t20212021xr nnnng af n cze
015 |a cnb003375238 
024 3 |a 8594050432390 
040 |a ABA001  |b cze  |e rda 
043 |a e-xr--- 
045 |a y2y2 
072 7 |a 821.162.3-3  |x Česká próza  |2 Konspekt 
072 7 |a 929  |x Biografie  |2 Konspekt 
080 |a 821.162.3-32  |2 MRF 
080 |a 070.42:654.198  |2 MRF 
080 |a 316.362.1-055.52-055.62  |2 MRF 
080 |a 929  |2 MRF 
080 |a (437.3)  |2 MRF 
080 |a (0:82-321.5)  |2 MRF 
080 |a (093.3)  |2 MRF 
080 |a (086.76)  |2 MRF 
100 1 |a Bernatský, Vojtěch,  |d 1975-  |7 mzk2006324263  |4 aut  |4 nrt 
245 1 0 |a Jak dostat tatínka do karantény /  |c Vojtěch Bernatský 
264 1 |a Praha :  |b Voxi,  |c [2021] 
264 4 |c ©2021 
300 |a 1 audiodisk (6 hod., 3 min.) ;  |c 12 cm 
306 |a 060300 
336 |a mluvené slovo  |b spw  |2 rdacontent 
337 |a audio  |b s  |2 rdamedia 
338 |a audiodisk  |b sd  |2 rdacarrier 
344 |a digital  |b optical  |2 rda 
347 |a audio soubor  |b MP3  |2 rda 
500 |a Název z disku 
500 |a Nezkrácená audiokniha ve formátu MP3 
500 |a Podle stejnojmenné knihy vydané nakladatelstvím BizBooks v roce 2021 
500 |a Na disku copyright 2018 Albatros Media, a.s. 
508 |a Režie Martin Šebestík 
511 0 |a Čte Vojtěch Bernatský 
520 2 |a Sportovní komentátor Vojtěch Bernatský popisuje humorné příhody své rodiny během nelehké covidové doby.  |b Vojtěch Bernatský neztrácí dobrou náladu ani v časech pandemie - aspoň tak může strávit více času se svými milovanými dětmi. A že je to někdy na zbláznění? Lepší zbláznit se spolu s celou rodinou, než zešílet sám! Nadšený dvojnásobný tatínek vypráví další zábavné historky, které se tentokrát odehrávají v nelehké době. Přesto srší optimismem, protože rodičovská láska překoná všechno, i tu nejotravnější karanténu. Nakladatelská anotace. 
600 1 7 |a Bernatský, Vojtěch,  |d 1975-  |7 mzk2006324263  |2 czenas 
648 7 |a 20.-21. století  |7 ch462155  |2 czenas 
648 4 |a 2020-2021 
650 0 7 |a televizní moderátoři  |7 ph126512  |z Česko  |y 20.-21. století  |2 czenas 
650 0 7 |a rodiče a děti  |7 ph116053  |x humor  |2 czenas 
655 7 |a české příběhy  |7 fd133973  |2 czenas 
655 7 |a humoristické příběhy  |7 fd132430  |2 czenas 
655 7 |a deníky  |7 fd132006  |2 czenas 
655 7 |a audioknihy  |7 fd119452  |2 czenas 
655 7 |a kompaktní disky  |7 fd201991  |2 czenas 
700 1 |a Šebestík, Martin  |7 xx0089616  |4 drt 
900 |a ABA001  |b 18 
044 |a xr 
505 0 0 |t 00 (1 min., 43 sek.) 
505 0 0 |t 01 (3 min., 46 sek.) 
505 0 0 |t 02 (3 min., 12 sek.) 
505 0 0 |t 03 (3 min., 5 sek.) 
505 0 0 |t 04 (2 min., 44 sek.) 
505 0 0 |t 05 (3 min., 45 sek.) 
505 0 0 |t 06 (4 min., 31 sek.) 
505 0 0 |t 07 (3 min., 53 sek.) 
505 0 0 |t 08 (4 min., 18 sek.) 
505 0 0 |t 09 (4 min., 5 sek.) 
505 0 0 |t 10 (5 min., 15 sek.) 
505 0 0 |t 11 (9 min., 35 sek.) 
505 0 0 |t 12 (2 min., 23 sek.) 
505 0 0 |t 13 (5 min., 56 sek.) 
505 0 0 |t 14 (4 min., 54 sek.) 
505 0 0 |t 15 (5 min., 8 sek.) 
505 0 0 |t 16 (3 min., 15 sek.) 
505 0 0 |t 17 (3 min., 44 sek.) 
505 0 0 |t 18 (3 min., 22 sek.) 
505 0 0 |t 19 (5 min., 17 sek.) 
505 0 0 |t 20 (5 min., 13 sek.) 
505 0 0 |t 21 (5 min., 9 sek.) 
505 0 0 |t 22 (7 min., 12 sek.) 
505 0 0 |t 23 (5 min., 45 sek.) 
505 0 0 |t 24 (7 min., 43 sek.) 
505 0 0 |t 25 (4 min., 4 sek.) 
505 0 0 |t 26 (5 min., 34 sek.) 
505 0 0 |t 27 (5 min., 48 sek.) 
505 0 0 |t 28 (4 min., 15 sek.) 
505 0 0 |t 29 (4 min., 58 sek.) 
505 0 0 |t 30 (9 min., 5 sek.) 
505 0 0 |t 31 (4 min., 29 sek.) 
505 0 0 |t 32 (7 min., 8 sek.) 
505 0 0 |t 33 (4 min., 30 sek.) 
505 0 0 |t 34 (9 min., 18 sek.) 
505 0 0 |t 35 (6 min., 45 sek.) 
505 0 0 |t 36 (8 min., 9 sek.) 
505 0 0 |t 37 (7 min., 5 sek.) 
505 0 0 |t 38 (4 min., 55 sek.) 
505 0 0 |t 39 (16 min., 3 sek.) 
505 0 0 |t 40 (5 min., 25 sek.) 
505 0 0 |t 41 (5 min., 35 sek.) 
505 0 0 |t 42 (4 min., 44 sek.) 
505 0 0 |t 43 (9 min., 21 sek.) 
505 0 0 |t 44 (8 min., 35 sek.) 
505 0 0 |t 45 (5 min., 24 sek.) 
505 0 0 |t 46 (12 min., 2 sek.) 
505 0 0 |t 47 (4 min., 19 sek.) 
505 0 0 |t 48 (4 min., 16 sek.) 
505 0 0 |t 49 (7 min., 16 sek.) 
505 0 0 |t 50 (4 min., 55 sek.) 
505 0 0 |t 51 (7 min., 30 sek.) 
505 0 0 |t 52 (14 min., 26 sek.) 
505 0 0 |t 53 (4 min., 57 sek.) 
505 0 0 |t 54 (6 min., 11 sek.) 
505 0 0 |t 55 (7 min., 8 sek.) 
505 0 0 |t 56 (6 min., 3 sek.) 
505 0 0 |t 57 (6 min., 47 sek.) 
505 0 0 |t 58 (6 min., 51 sek.) 
505 0 0 |t 59 (9 min., 42 sek.) 
505 0 0 |t 60 (4 min., 20 sek.) 
910 |a RBIT002 
998 |d 354356  |a https://core.palmknihy.cz/api/books/354356/cover?sknqmc  |b https://core.palmknihy.cz/api/books/354356/cover/400?sknqmc  |c https://core.palmknihy.cz/api/books/354356/cover/50?sknqmc  |e 2031-12-31  |i 8594050432390  |l 21840  |q 49  |r 1  |s https://www.palmknihy.cz/kniha/354356  |t audiobook  |y 2021  |z 0 
999 |d 313100